000
00251nam a2200097Ia 4500
001
1206542
005
20250827022807.0
008
250824s9999 xx 000 0 und d
245
0
_a
HALİD BİN VELİD
_c
EBUBEKİR SUBAŞI
260
_b
MAVİLALE YAYINLARI
999
_c
1206542
_d
1206542